Statistics for Win the U.S. Presidential Election

Click here to take the quiz!

General Stats

  • This quiz has been taken 77,209 times
    (76,200 since last reset)
  • The average score is 181 of 538

Answers on the Map

Answers color-coded by a green-red scale on the quiz's map according to % correct below.
Loading ...
 

Answer Stats

#State% Correct
55California
90%
55California
89%
38Texas
83%
29New York
76%
29Florida
76%
29Florida
75%
20Pennsylvania
43%
20Pennsylvania
42%
18Ohio
37%
16Michigan
33%
12Washington
30%
20Illinois
29%
16Georgia
26%
11Arizona
21%
4Maine
21%
7Oregon
20%
6Nevada
18%
3Alaska
16%
3Alaska
15%
10Wisconsin
15%
10Wisconsin
14%
15North Carolina
13%
6Utah
12%
6Utah
11%
4Idaho
11%
13Virginia
11%
6Iowa
11%
14New Jersey
11%
3Montana
10%
10Minnesota
9%
9Colorado
9%
4Hawaii
8%
5Nebraska
8%
9Alabama
7%
11Indiana
7%
11Massachusetts
5%
5New Mexico
5%
6Kansas
4%
3Vermont
3%
3Wyoming
3%
10Missouri
3%
11Tennessee
3%
7Oklahoma
3%
8Louisiana
3%
10Maryland
3%
6Arkansas
3%
6Mississippi
2%
3North Dakota
2%
3Delaware
2%
9South Carolina
2%
8Kentucky
2%
4New Hampshire
2%
4Rhode Island
1%
3District of Columbia
1%
7Connecticut
1%
3South Dakota
1%
5West Virginia
0%

Score Distribution

Percentile by Number Answered

Percent of People with Each Score

Your Score History

You have not taken this quiz since the last reset